[Event "Wch U16 Girls"]
[Site "Kemer"]
[Date "2007.11.19"]
[Round "2"]
[White "Topcu, Yaprak Pinar"]
[Black "Mahmoud, Ramy"]
[Result "1-0"]
[WhiteElo "1429"]
[BlackElo "2120"]
[PlyCount "117"]
[EventDate "2007.11.18"]
[EventType "swiss"]
[EventRounds "11"]
[EventCountry "TUR"]
[SourceTitle "CBM 121 Extra"]
[Source "ChessBase"]
[SourceDate "2008.01.10"]
[SourceVersion "1"]
[SourceVersionDate "2008.01.10"]
[SourceQuality "1"]

1. d4 Nf6 2. c4 g6 3. Nc3 Bg7 4. Nf3 d6 5. Bf4 0-0 6. e3 Nh5 7. Bg3 Nc6 8. Be2 f5 9. Qd2 e5 10. 0-0-0 exd4 11. Nxd4 Nxd4 12. exd4 f4 13. Bxh5 fxg3 14. Bf3 gxf2 15. Qxf2 Qg5+ 16. Kb1 Bg4 17. Ka1 Bxf3 18. gxf3 Qf5 19. Rhf1 Rf7 20. Qe2 Raf8 21. Nd5 Kh8 22. Qd3 Qh3 23. Qd2 c6 24. Nc3 Rxf3 25. Rxf3 Rxf3 26. Qe2 Qf5 27. Qe8+ Qf8 28. Qd7 Rf7 29. Qe6 Qe7 30. Qg4 Qd7 31. Qe4 Re7 32. Qf4 Qe6 33. Qg3 Qxc4 34. Qxd6 Re8 35. Qd7 Rf8 36. Qe7 Qf7 37. Qe2 Rd8 38. Qe3 Qe8 39. Qf4 Qd7 40. Ne2 c5 41. d5 Qd6 42. Qf2 Qf6 43. Qxf6 Bxf6 44. Kb1 Kg8 45. Kc2 Kf7 46. b3 Ke7 47. Nc3 Kd6 48. Re1 Bxc3 49. Kxc3 b5 50. a4 bxa4 51. bxa4 Rd7 52. Kc4 Rb7 53. Re6+ Kd7 54. Kxc5 Rb2 55. Ra6 Rb7 56. Rf6 Kd8 57. d6 Rg7 58. Kc6 g5 59. Rf8# 1-0

[Event "Wch U16 Girls"]
[Site "Kemer"]
[Date "2007.11.18"]
[Round "1"]
[White "Agrest, Inna"]
[Black "Topcu, Yaprak Pinar"]
[Result "1-0"]
[WhiteElo "2121"]
[BlackElo "1429"]
[PlyCount "57"]
[EventDate "2007.11.18"]
[EventType "swiss"]
[EventRounds "11"]
[EventCountry "TUR"]
[SourceTitle "CBM 121 Extra"]
[Source "ChessBase"]
[SourceDate "2008.01.10"]
[SourceVersion "1"]
[SourceVersionDate "2008.01.10"]
[SourceQuality "1"]

1. e4 c5 2. Nf3 d6 3. d4 cxd4 4. Nxd4 Nf6 5. Nc3 g6 6. Be3 Bg7 7. f3 Nc6 8. Qd2 Bd7 9. Bc4 Qc7 10. Bb3 0-0 11. g4 a6 12. h4 Na5 13. h5 Nxb3 14. axb3 e5 15. Nde2 Bc6 16. 0-0-0 Rad8 17. Bh6 d5 18. Bxg7 Kxg7 19. Ng3 Bd7 20. exd5 Bc8 21. Nf5+ Bxf5 22. gxf5 Nxh5 23. Rxh5 f6 24. fxg6 Kg8 25. Rxh7 Rd7 26. d6 Rxd6 27. Qxd6 Qxd6 28. Rxd6 Re8 29. Ne4 1-0